000 00735nam a2200241 a 4500
999 _c12561
_d12561
001 12561
003 BD-JhCC
005 20220906093751.0
008 220904b2020 bg a|||| |||a 000 0 ben d
020 _a9789849183914
035 _a(BD-JhCC)12561
040 _aBD-JhCC
_dBD-JhCC
041 _aBengali
082 _a920
_bGOL 2020
245 _aগল্পে গল্পে শেখ রাসেল /
_cসম্পাঃ মনি হায়দার ।
260 _aঢাকা :
_bঅক্ষর প্রকাশনী ;
_c২০২০.
300 _a264 p. :
_bill;
_c22 cm.
650 _aBiography
650 _aSheikh Rasel
700 _aহায়দার,মনি
942 _2ddc
_cBK